| 000 | 00833nam a22002057a 4500 | ||
|---|---|---|---|
| 999 |
_c193758 _d193758 |
||
| 005 | 20230503170414.0 | ||
| 010 | _aB-746962-973 E.N.A./ 7.11.22 | ||
| 020 |
_a9789390219179 _c1095.00 |
||
| 035 | _aB-746962-973 | ||
| 037 | _bPragti Publication | ||
| 082 | _a954 | ||
| 100 | 1 | _aReddy, Krishna | |
| 245 | 1 |
_aIndian history : _bfor the UPSC civil services preliminary examination/ _cby K.Krishna Reddy |
|
| 250 | _a3rd ed. | ||
| 260 |
_aGreater noida( U.P.) _bTata Mc-Graw Hill Publishing _c2022 |
||
| 270 |
_a26E, sector-31 Greater noida _bNoida ( U.P.) _e201306 |
||
| 300 |
_avarious p. _c24cm (pbk) |
||
| 942 |
_cEN _2ddc _mRED _h954 |
||